One night @ the call center (Record no. 94162)

MARC details
000 -LEADER
fixed length control field 00558nam a2200217Ia 4500
005 - DATE AND TIME OF LATEST TRANSACTION
control field 20230208123008.0
008 - FIXED-LENGTH DATA ELEMENTS--GENERAL INFORMATION
fixed length control field 230125s9999 xx 000 0 und d
020 ## - INTERNATIONAL STANDARD BOOK NUMBER
International Standard Book Number 978-81-291-0818-0
041 ## - LANGUAGE CODE
Language code of text/sound track or separate title eng
082 ## - DEWEY DECIMAL CLASSIFICATION NUMBER
Classification number 823
Item number BHA
100 ## - MAIN ENTRY--PERSONAL NAME
Author Bhagat C
245 ## - TITLE STATEMENT
Title One night @ the call center
250 ## - EDITION STATEMENT
Edition statement Ed. 2nd
260 ## - PUBLICATION, DISTRIBUTION, ETC.
Date of publication, distribution, etc. 2011
Name of publisher, distributor, etc. Rupa & Co. Publisher
Place of publication, distribution, etc. New Delhi
300 ## - PHYSICAL DESCRIPTION
Extent 257p
500 ## - GENERAL NOTE
Keywords English Literature;Novels
650 ## - SUBJECT ADDED ENTRY--TOPICAL TERM
Topical term or geographic name entry element English Literature;Novels
700 ## - ADDED ENTRY--PERSONAL NAME
Personal name Bhagat C
942 ## - ADDED ENTRY ELEMENTS (KOHA)
Koha item type Donated Book
906 ## - LOCAL DATA ELEMENT F, LDF (RLIN)
b 47.5
Holdings
Withdrawn status Lost status Damaged status Not for loan Home library Current library Date acquired Vendor Net Price Full call number Barcode Date last seen Actual Price Bill Date Koha item type Original Barcode
        Smt. Hiraben Nanavati Institute of Management & Research for Women Smt. Hiraben Nanavati Institute of Management & Research for Women 02/06/2016 Donated Book- Outside Donar 95.00 823 BHA DB2638 HIMR-DB-2638 25/01/2023 47.50 25/01/2023 Donated Book DB2638